Analýza správania sa výrobného systéme v rôznych podmienkach určovania termínu odvádzania výrobných úloh : Diplomová práca

Enregistré dans:
Détails bibliographiques
Auteur principal: Bírová-Jakubcová, Ivona (Auteur)
Autres auteurs: Mišút, Martin (xxx)
Format: Manuscrit Livre
Langue:slovaque
Publié: Trnava : STU v Bratislave MtF KAIA, 1994
Sujets:
Tags: Ajouter un tag
Pas de tags, Soyez le premier à ajouter un tag!

MARC

LEADER 00000ntm a22000003a 4500
001 stu61154
005 20160719155119.9
008 010910s1994----xo------------------slo-d
040 |a STU  |b slo 
041 0 |a slo 
044 |a xo 
100 1 |a Bírová-Jakubcová, Ivona  |4 aut 
245 1 |a Analýza správania sa výrobného systéme v rôznych podmienkach určovania termínu odvádzania výrobných úloh :  |b Diplomová práca 
260 |a Trnava :  |b STU v Bratislave MtF KAIA,  |c 1994 
300 |a 57 s  |c výťah 
650 7 |a systémy výrobné pružné  |2 stusub 
650 7 |a CIM  |2 stusub 
650 7 |a Strojárska aplikovaná informatika  |2 stusub 
700 1 |a Mišút, Martin  |4 xxx  |u M  |T MTF Materiálovotechnologická fakulta  |U M  |Y 60 
996 |b 284M033186  |c M*DP-1278  |l MMSKP  |s P  |a 0  |w stu61154_0001